| 000 | 00582cam a2200157u 4500 | ||
|---|---|---|---|
| 001 | 000013881 | ||
| 005 | 20200929163402.0 | ||
| 008 | 831213s1906 sp 000 0 spa | ||
| 040 |
_aDO-SdBNP _bspa _cBNPHU |
||
| 100 | 1 |
_aFlora, Federico _d1867-1958. _931449 |
|
| 245 | 1 | 0 |
_aCiencia de la hacienda : _bversión española hecha sobre la 2a. ed. italiana y aumentada por el autor con prólogo y notas Vicente Gay. |
| 260 |
_aMadrid, : _bLibrería General de Victoriano Suárez _bV. Suarez, _c1906. |
||
| 300 |
_av. ; _c21 cm. |
||
| 650 | 4 |
_aFinance. _931450 |
|
| 700 | 1 |
_aGay, Vicente _931451 |
|
| 999 |
_c13487 _d13487 |
||